000
00245nam a2200109Ia 4500
999
_c
7856
_d
7856
020
_a
978-0133970777
100
_a
Elmasri, Navathe
245
0
_a
Fundamentals Of Database Systems
260
_a
USA
_b
McGraw-Hill
_c
2000
300
_a
955
942
_c
BK